01156nas a2200277Ia 4500001001600000003001000016008004100026040002500067041001300092100001800105210002400123222002400147245004900171250001100220260000900231501012300240300001300363362003700376500020700413650002300620700001100643942000700654957000600661999003300667952017800700A10/R170-41775 IT-MiCISF161014c99999999xx |||||||||||| ||und|| aIT-MiCISFcIT-MiCISF aITALIANO aRuspi Walter  aVia verità e vita aVia verità e vita 0aCatechesi rinnovata nello stile catecumenale a1a ed. c2005 bCISF - Centro Internazionale Studi Famiglia - Via Giotto, 36 20145 MILANO (non commercial uses only)cCopyright 2016 app. 2-76 an. 205, novembre-dicembre [2005] aDerroitte H., Currò S., Venturi G., Montisci U., Ruta G., Attanasio M.R., Pongolini M., Sartor P., Serra A., Zerbo M.R., Magrì S., Annichiarico V. Tema: pastorale-giovanile, catechesi, chiesa-locale aPASTORALEvrivista aAA.VV. cCR 71 a41775bSig1c234625d234625 0010406A_10_000000000000000_R1704177571aCISFbCISFd2016-10-14l0oA10/R170-41775 r2016-10-14 00:00:00w2016-10-14yCRzData import 15.10.2016 / by Epidotti, Vaglietti